[Event "Budapest One Week IM-B 12"]
[Site "Budapest"]
[Date "2024.12.17"]
[Round "4"]
[White "Marta, Dominik"]
[Black "Kustar, Sandor"]
[Result "1/2-1/2"]
[WhiteElo "2145"]
[BlackElo "2245"]
[PlyCount "65"]
[EventDate "2024.12.16"]
[EventType "tourn"]
[EventRounds "9"]
[EventCountry "HUN"]
[SourceTitle "CB52_2024"]
[SourceDate "2024.12.25"]
[SourceVersion "1"]
[SourceVersionDate "2024.12.25"]
[SourceQuality "1"]

1. d4 Nf6 2. Nf3 g6 3. g3 Bg7 4. Bg2 0-0 5. 0-0 d5 6. Ne5 Na6 7. c4 c5 8. dxc5 Qc7 9. Bf4 g5 10. Ng6 gxf4 11. Nxf8 dxc4 12. c6 bxc6 13. Nxh7 Nxh7 14. Nc3 Rb8 15. Qc2 Be6 16. gxf4 Qxf4 17. e3 Qh4 18. Kh1 Nf6 19. f3 Nb4 20. Qa4 Nbd5 21. Nd1 Bh6 22. Qxa7 Rb6 23. Rg1 Kh7 24. Bf1 Nxe3 25. Nxe3 Bxe3 26. Rg2 Bd5 27. Qxe7 Bd4 28. Re1 Rb7 29. Qf8 Qh6 30. Qc8 Rxb2 31. Qf5+ Kh8 32. Qc8+ Kh7 33. Qf5+ 1/2-1/2

[Event "Budapest One Week IM-B 12"]
[Site "Budapest"]
[Date "2024.12.16"]
[Round "2"]
[White "Marta, Dominik"]
[Black "Golecki, Jan"]
[Result "0-1"]
[WhiteElo "2145"]
[BlackElo "2256"]
[PlyCount "126"]
[EventDate "2024.12.16"]
[EventType "tourn"]
[EventRounds "9"]
[EventCountry "HUN"]
[SourceTitle "CB52_2024"]
[SourceDate "2024.12.25"]
[SourceVersion "1"]
[SourceVersionDate "2024.12.25"]
[SourceQuality "1"]

1. d4 Nf6 2. Nf3 e6 3. c4 d5 4. g3 h6 5. Bg2 Bd6 6. 0-0 0-0 7. Nc3 Nc6 8. Re1 dxc4 9. a3 e5 10. dxe5 Nxe5 11. Nxe5 Bxe5 12. Qa4 Qd4 13. Be3 Qg4 14. f4 Bxc3 15. bxc3 Re8 16. Bd4 Rxe2 17. Qxc4 Rxg2+ 18. Kxg2 Be6 19. Qe2 Qh3+ 20. Kg1 Nd7 21. Qg2 Qh5 22. Be5 c6 23. Rad1 Nb6 24. Rd4 Re8 25. Qe2 Qxe2 26. Rxe2 c5 27. Rdd2 Nc4 28. Ra2 Bg4 29. Re4 Nb6 30. h3 Bxh3 31. Ree2 Bg4 32. Reb2 Bf3 33. Rf2 Bd5 34. Rad2 Bc4 35. Bd6 Nd7 36. Rf3 Nf6 37. Be5 Ng4 38. Kg2 f6 39. Bd6 b6 40. a4 Ba6 41. Rfd3 Bxd3 42. Rxd3 Rd8 43. Kf3 f5 44. Ke2 Kf7 45. Bc7 Re8+ 46. Kf3 Re7 47. Bd8 Rb7 48. Rd5 Ke6 49. Rd1 Rd7 50. Re1+ Kf7 51. Bh4 Rd3+ 52. Kg2 Ne3+ 53. Kf2 Ng4+ 54. Kg2 Nf6 55. a5 Ne4 56. axb6 axb6 57. g4 Ke6 58. c4 g6 59. g5 hxg5 60. fxg5 Ke5 61. Rb1 Rd2+ 62. Kf3 Rd6 63. Ke3 f4+ 0-1

[Event "Zalakaros op 43rd"]
[Site "Zalakaros"]
[Date "2024.05.26"]
[Round "2"]
[White "Marta, Dominik"]
[Black "Kumaresh, A."]
[Result "0-1"]
[WhiteElo "2136"]
[BlackElo "1924"]
[PlyCount "130"]
[EventDate "2024.05.25"]
[EventType "swiss"]
[EventRounds "9"]
[EventCountry "HUN"]
[SourceTitle "CBM 220 Extra"]
[Source "ChessBase"]
[SourceDate "2024.07.31"]
[SourceVersion "1"]
[SourceVersionDate "2024.07.31"]
[SourceQuality "1"]

1. d4 Nf6 2. Nf3 g6 3. g3 Bg7 4. Bg2 d6 5. 0-0 0-0 6. a4 Bf5 7. Nc3 Qc8 8. Re1 d5 9. Ne5 Rd8 10. Bg5 h6 11. Bxf6 exf6 12. Nd3 c6 13. a5 Na6 14. Rb1 Bf8 15. Qd2 Kg7 16. Na4 Bxd3 17. exd3 Bb4 18. c3 Bxa5 19. b4 Bc7 20. b5 Nb8 21. Re7 Bd6 22. bxc6 Qxc6 23. Rexb7 Qxa4 24. Bxd5 Nd7 25. Qc1 Ba3 26. Qd2 Rab8 27. Qa2 Rxb7 28. Rxb7 Re8 29. Rb3 Re1+ 30. Kg2 Nb6 31. c4 Bf8 32. Qxa4 Nxa4 33. c5 Re2 34. Ra3 Nxc5 35. dxc5 Rxf2+ 36. Kxf2 Bxc5+ 37. Kf3 Bxa3 38. g4 Bd6 39. h3 a5 40. Bb3 f5 41. gxf5 gxf5 42. Ke3 Kf6 43. d4 Kg5 44. Bxf7 a4 45. Kf3 a3 46. Ba2 Bc7 47. Bb3 Kh4 48. Be6 Kg5 49. Ba2 Bb6 50. d5 Bc5 51. Kg3 f4+ 52. Kf3 Kf5 53. Bb1+ Ke5 54. Ba2 Bd6 55. Ke2 Kd4 56. Kd2 Bb4+ 57. Kc2 Ke3 58. Bc4 Kf2 59. Kd3 f3 60. h4 Kg3 61. Ke3 Bc5+ 62. Kd2 f2 63. d6 Bxd6 64. Ke2 Kg2 65. Bd5+ Kg1 0-1

[Event "Zalakaros op 43rd"]
[Site "Zalakaros"]
[Date "2024.05.25"]
[Round "1"]
[White "Nagy, Benedek"]
[Black "Marta, Dominik"]
[Result "0-1"]
[WhiteElo "1851"]
[BlackElo "2136"]
[PlyCount "82"]
[EventDate "2024.05.25"]
[EventType "swiss"]
[EventRounds "9"]
[EventCountry "HUN"]
[SourceTitle "CBM 220 Extra"]
[Source "ChessBase"]
[SourceDate "2024.07.31"]
[SourceVersion "1"]
[SourceVersionDate "2024.07.31"]
[SourceQuality "1"]

1. e4 e5 2. Nf3 Nf6 3. Nc3 Bb4 4. d3 d5 5. exd5 Nxd5 6. Bd2 0-0 7. Be2 Nc6 8. 0-0 Nxc3 9. bxc3 Bd6 10. d4 e4 11. Ng5 Qe7 12. Bc4 h6 13. Nxf7 Rxf7 14. Bxf7+ Qxf7 15. f3 Qh5 16. h3 Qg6 17. fxe4 Qxe4 18. Re1 Qg6 19. Qf3 Bf5 20. Bf4 Rf8 21. Bxd6 cxd6 22. Rf1 Rf6 23. Qe2 Re6 24. Qf3 Be4 25. Qf2 Bxc2 26. Rae1 Be4 27. Qd2 d5 28. Rf4 Qg5 29. Ref1 Rg6 30. Rf8+ Kh7 31. Qxg5 Rxg5 32. R1f2 Rg3 33. R8f7 Rxc3 34. Rxb7 Ra3 35. Rff7 Rg3 36. Rf2 Nxd4 37. Rxa7 Nf5 38. a4 h5 39. a5 Ne3 40. Kh2 h4 41. a6 Bxg2 0-1

[Event "HUN-chT1 Maroczy 2223"]
[Site "Hungary"]
[Date "2023.04.23"]
[Round "9.4"]
[White "Farkas, Sandor I"]
[Black "Marta, Dominik"]
[Result "0-1"]
[WhiteElo "2122"]
[BlackElo "2107"]
[PlyCount "56"]
[EventDate "2022.11.20"]
[EventType "team-tourn"]
[EventRounds "9"]
[EventCountry "HUN"]
[SourceTitle "EXT 2025"]
[Source "ChessBase"]
[SourceDate "2024.10.14"]
[SourceVersion "1"]
[SourceVersionDate "2024.10.14"]
[SourceQuality "1"]
[WhiteTeam "Meritum Egyesulet"]
[BlackTeam "Kecskemet TLSE"]
[WhiteTeamCountry "HUN"]
[BlackTeamCountry "HUN"]

1. e4 e5 2. Nf3 Nf6 3. Nxe5 d6 4. Nf3 Nxe4 5. d4 d5 6. Bd3 Bd6 7. 0-0 0-0 8. c4 c6 9. Nc3 Re8 10. Qb3 Nxc3 11. bxc3 b6 12. a4 Bg4 13. Qd1 Qf6 14. h3 Bxf3 15. Qxf3 Qxf3 16. gxf3 Nd7 17. a5 dxc4 18. Be4 Rac8 19. axb6 axb6 20. Ra6 g6 21. Rd1 f5 22. Bb1 Ra8 23. Ra2 Nf6 24. d5 Nxd5 25. Rxa8 Rxa8 26. Be3 Be5 27. f4 Bxc3 28. Rc1 b5 0-1

[Event "HUN-chT1 Maroczy 2223"]
[Site "Hungary"]
[Date "2023.02.19"]
[Round "6.4"]
[White "Marta, Dominik"]
[Black "Istvanovszky, Martin"]
[Result "1/2-1/2"]
[WhiteElo "2099"]
[BlackElo "2325"]
[PlyCount "67"]
[EventDate "2022.11.20"]
[EventType "team-tourn"]
[EventRounds "9"]
[EventCountry "HUN"]
[SourceTitle "EXT 2025"]
[Source "ChessBase"]
[SourceDate "2024.10.14"]
[SourceVersion "1"]
[SourceVersionDate "2024.10.14"]
[SourceQuality "1"]
[WhiteTeam "Kecskemet TLSE"]
[BlackTeam "Kekes"]
[WhiteTeamCountry "HUN"]
[BlackTeamCountry "HUN"]

1. d4 Nf6 2. Nf3 c5 3. e3 g6 4. c4 Bg7 5. Nc3 0-0 6. Be2 cxd4 7. exd4 d5 8. Ne5 Nc6 9. Bf4 Be6 10. Nxc6 bxc6 11. c5 Ne4 12. Qa4 Qd7 13. f3 g5 14. Be3 Nxc3 15. bxc3 Bf6 16. g4 Rab8 17. Qc2 Bg7 18. h4 f5 19. hxg5 Qb7 20. Bc1 Rf7 21. Bd3 Qc7 22. f4 fxg4 23. Bxh7+ Kf8 24. Bg6 Qd7 25. Bxf7 Bf5 26. Qe2 Kxf7 27. Rg1 Rh8 28. Be3 Rh3 29. Kf2 Qe6 30. Rg3 Rh2+ 31. Rg2 Rh3 32. Rg3 Rh2+ 33. Rg2 Rh3 34. Rg3 1/2-1/2

[Event "HUN-chT1 Maroczy 2223"]
[Site "Hungary"]
[Date "2022.12.04"]
[Round "2.4"]
[White "Oros, Robert"]
[Black "Marta, Dominik"]
[Result "1/2-1/2"]
[WhiteElo "2263"]
[BlackElo "2110"]
[PlyCount "81"]
[EventDate "2022.11.20"]
[EventType "team-tourn"]
[EventRounds "9"]
[EventCountry "HUN"]
[SourceTitle "EXT 2025"]
[Source "ChessBase"]
[SourceDate "2024.10.14"]
[SourceVersion "1"]
[SourceVersionDate "2024.10.14"]
[SourceQuality "1"]
[WhiteTeam "NYVSC"]
[BlackTeam "Kecskemet TLSE"]
[WhiteTeamCountry "HUN"]
[BlackTeamCountry "HUN"]

1. e4 Nf6 2. e5 Nd5 3. d4 d6 4. Nf3 Bg4 5. Be2 e6 6. 0-0 Be7 7. c4 Nb6 8. exd6 cxd6 9. b3 Nc6 10. Bb2 Bf6 11. Qd2 d5 12. c5 Nd7 13. b4 a6 14. Na3 0-0 15. Nc2 b6 16. Bc3 Be7 17. Ne3 Bxf3 18. Bxf3 Bg5 19. Qc2 Bf6 20. Rfd1 Qb8 21. g3 Rc8 22. Rab1 Qc7 23. Bg2 bxc5 24. bxc5 Rab8 25. Rbc1 Rb7 26. Bf1 Ra8 27. Qa4 h6 28. Bg2 Rb5 29. h4 g5 30. hxg5 Bxg5 31. Re1 h5 32. Bd2 Bf6 33. Bc3 h4 34. Qd1 hxg3 35. Qg4+ Bg7 36. fxg3 Nf6 37. Qh4 Ne4 38. Bxe4 dxe4 39. Qxe4 Qxg3+ 40. Ng2 Rc8 41. Re3 1/2-1/2

[Event "HUN-chT2 Toth 1819"]
[Site "Hungary"]
[Date "2019.02.10"]
[Round "7.1"]
[White "Marta, Dominik"]
[Black "Samu, Gabor Jr"]
[Result "0-1"]
[WhiteElo "2117"]
[BlackElo "2294"]
[PlyCount "44"]
[EventDate "2018.09.23"]
[EventType "team-tourn"]
[EventRounds "11"]
[EventCountry "HUN"]
[SourceTitle "EXT 2021"]
[Source "ChessBase"]
[SourceDate "2020.10.23"]
[SourceVersion "1"]
[SourceVersionDate "2020.10.23"]
[SourceQuality "1"]
[WhiteTeam "Kecskemet Toth Laszlo II"]
[BlackTeam "Bekes"]
[WhiteTeamCountry "HUN"]
[BlackTeamCountry "HUN"]

1. Nf3 d5 2. d4 Nf6 3. g3 g6 4. Bg2 Bg7 5. 0-0 0-0 6. c4 c6 7. Ne5 Be6 8. cxd5 cxd5 9. Nc3 Nc6 10. Nxc6 bxc6 11. Na4 Bf5 12. Bf4 Nd7 13. Rc1 Rc8 14. Nc5 Nxc5 15. Rxc5 Qb6 16. Qd2 e5 17. Be3 Rfd8 18. Rfc1 Bf8 19. dxe5 d4 20. Rxc6 Rxc6 21. Rxc6 dxe3 22. Qxe3 Rd1+ 0-1

[Event "HUN-chT2 Toth 1819"]
[Site "Hungary"]
[Date "2018.10.28"]
[Round "3.1"]
[White "Marta, Dominik"]
[Black "Simonyi, Zoltan"]
[Result "1/2-1/2"]
[WhiteElo "2117"]
[BlackElo "2203"]
[PlyCount "95"]
[EventDate "2018.09.23"]
[EventType "team-tourn"]
[EventRounds "11"]
[EventCountry "HUN"]
[SourceTitle "EXT 2021"]
[Source "ChessBase"]
[SourceDate "2020.10.23"]
[SourceVersion "1"]
[SourceVersionDate "2020.10.23"]
[SourceQuality "1"]
[WhiteTeam "Kecskemet Toth Laszlo II"]
[BlackTeam "Ujszasz"]
[WhiteTeamCountry "HUN"]
[BlackTeamCountry "HUN"]

1. Nf3 d6 2. d4 Bg4 3. g3 Nd7 4. Bg2 e5 5. dxe5 dxe5 6. 0-0 Ngf6 7. c3 c6 8. Bg5 Be7 9. Bxf6 Bxf6 10. Qb3 Qc7 11. Nbd2 Be7 12. Rad1 0-0 13. h3 Be6 14. Qc2 Rad8 15. Ne4 h6 16. g4 Rfe8 17. Ng3 Bf8 18. Nh4 Nf6 19. Ne4 Nh7 20. e3 a5 21. b3 Be7 22. Nf3 g6 23. Ng3 Bf6 24. Nd2 Bg7 25. f4 exf4 26. exf4 Bd5 27. Nde4 Bxe4 28. Nxe4 Rxd1 29. Qxd1 Nf6 30. Nxf6+ Bxf6 31. Qd3 Qb6+ 32. Kh1 Qe3 33. Qd7 Re7 34. Qd8+ Kg7 35. Qxa5 Bxc3 36. Qa4 Bd4 37. Qc4 c5 38. b4 b6 39. bxc5 bxc5 40. a4 Qd2 41. f5 Re1 42. fxg6 Rxf1+ 43. Qxf1 fxg6 44. Qb1 Kf6 45. Qb6+ Kg5 46. Qd8+ Kf4 47. Qd6+ Kg5 48. Qd8+ 1/2-1/2

[Event "HUN-chT2 Toth 1718"]
[Site "Hungary"]
[Date "2018.05.06"]
[Round "11.1"]
[White "Udvardi, Zalan"]
[Black "Marta, Dominik"]
[Result "1-0"]
[WhiteElo "2147"]
[BlackElo "2115"]
[PlyCount "40"]
[EventDate "2017.09.24"]
[EventType "team-tourn"]
[EventRounds "11"]
[EventCountry "HUN"]
[SourceTitle "EXT 2021"]
[Source "ChessBase"]
[SourceDate "2020.10.23"]
[SourceVersion "1"]
[SourceVersionDate "2020.10.23"]
[SourceQuality "1"]
[WhiteTeam "Szentes Integral"]
[BlackTeam "Kecskemet Toth Laszlo II"]
[WhiteTeamCountry "HUN"]
[BlackTeamCountry "HUN"]

1. e4 e5 2. f4 exf4 3. Nf3 d5 4. exd5 Nf6 5. Bb5+ c6 6. dxc6 bxc6 7. Bc4 Qb6 8. Qe2+ Be7 9. Kd1 Nd5 10. Bxd5 cxd5 11. Nc3 Be6 12. Qb5+ Qxb5 13. Nxb5 Na6 14. Nbd4 Nc5 15. d3 Rb8 16. Nc6 Rb6 17. Nxe7 Kxe7 18. Bxf4 Rxb2 19. Bc1 Rb5 20. Nd4 Rhb8 1-0

[Event "HUN-chT2 Toth 1718"]
[Site "Hungary"]
[Date "2018.03.04"]
[Round "9.1"]
[White "Marta, Dominik"]
[Black "Nagy, Attila N"]
[Result "1-0"]
[WhiteElo "2115"]
[BlackElo "2191"]
[PlyCount "63"]
[EventDate "2017.09.24"]
[EventType "team-tourn"]
[EventRounds "11"]
[EventCountry "HUN"]
[SourceTitle "EXT 2021"]
[Source "ChessBase"]
[SourceDate "2020.10.23"]
[SourceVersion "1"]
[SourceVersionDate "2020.10.23"]
[SourceQuality "1"]
[WhiteTeam "Kecskemet Toth Laszlo II"]
[BlackTeam "Szeged Meritum"]
[WhiteTeamCountry "HUN"]
[BlackTeamCountry "HUN"]

1. Nf3 Nf6 2. g3 c5 3. c3 g6 4. Bg2 Bg7 5. 0-0 0-0 6. d4 Qc7 7. Re1 d6 8. e4 e5 9. Na3 Nc6 10. Nb5 Qb6 11. Nxd6 cxd4 12. cxd4 exd4 13. e5 Nxe5 14. Nxc8 Nxf3+ 15. Bxf3 Raxc8 16. Re7 Qc5 17. Rxb7 Rfd8 18. Bf4 d3 19. Rc1 Qf5 20. Rxc8 Rxc8 21. Qb3 Nh5 22. Bxh5 gxh5 23. Rb8 Bd4 24. Rxc8+ Qxc8 25. Qxd3 Bxb2 26. Qb5 Qc2 27. Qxh5 Qb1+ 28. Kg2 Qe4+ 29. Qf3 Qxf3+ 30. Kxf3 Kg7 31. Ke4 Kf6 32. Be3 1-0

[Event "HUN-chT U18"]
[Site "Hajduboszormeny"]
[Date "2016.11.06"]
[Round "8.19"]
[White "Marta, Dominik"]
[Black "Kantor, Gergely"]
[Result "0-1"]
[WhiteElo "2032"]
[BlackElo "2425"]
[PlyCount "89"]
[EventDate "2016.11.02"]
[EventType "team-swiss"]
[EventRounds "8"]
[EventCountry "HUN"]
[SourceTitle "CBM 175 Extra"]
[Source "ChessBase"]
[SourceDate "2016.12.12"]
[SourceVersion "1"]
[SourceVersionDate "2016.12.12"]
[SourceQuality "1"]

1. d4 Nf6 2. Nf3 d5 3. g3 b5 4. Bg2 e6 5. 0-0 Bb7 6. Nbd2 Nbd7 7. Nb3 c5 8. dxc5 Nxc5 9. Nfd4 Qd7 10. Bf4 Rc8 11. Nf3 Bd6 12. Ne5 Qe7 13. Nxc5 Bxc5 14. c3 0-0 15. Bg5 Qd6 16. Bxf6 gxf6 17. Nd3 Bb6 18. Nf4 f5 19. e3 Kh8 20. Qh5 Qe7 21. Qh6 Rg8 22. a4 bxa4 23. Rxa4 Bc6 24. Raa1 a5 25. h4 Bd8 26. Rfd1 Bb5 27. Bf1 Rb8 28. Bg2 Be8 29. Rd2 Bc7 30. Rad1 Rb6 31. Qh5 Rg4 32. Bh3 f6 33. Nxd5 exd5 34. Qxf5 Rg7 35. Bg2 Ba4 36. Ra1 Bd7 37. Qxd5 Rd6 38. Qc5 Rxd2 39. Qxc7 a4 40. Qb8+ Rg8 41. Qb7 Qd6 42. c4 Rb8 43. Qa7 Rbxb2 44. Bd5 Rxf2 45. Qa5 0-1

[Event "HUN-ch U18"]
[Site "Balatonlelle"]
[Date "2016.06.25"]
[Round "2"]
[White "Mengyan, Marton"]
[Black "Marta, Dominik"]
[Result "0-1"]
[WhiteElo "1792"]
[BlackElo "2033"]
[PlyCount "50"]
[EventDate "2016.06.24"]
[EventType "swiss"]
[EventRounds "7"]
[EventCountry "HUN"]
[SourceTitle "CBM 173 Extra"]
[Source "ChessBase"]
[SourceDate "2016.08.29"]
[SourceVersion "1"]
[SourceVersionDate "2016.08.29"]
[SourceQuality "1"]

1. e4 Nf6 2. Nc3 d5 3. exd5 Nxd5 4. Bc4 Nb6 5. Bb3 Nc6 6. Qf3 e6 7. Nge2 Bd6 8. d4 0-0 9. Be3 e5 10. Ne4 exd4 11. Nxd6 Ne5 12. Qg3 dxe3 13. f4 Nd3+ 14. cxd3 Qxd6 15. Rd1 Qb4+ 16. Nc3 e2 17. Kxe2 Re8+ 18. Kf2 Qd4+ 19. Kf1 Bf5 20. Bc2 Re3 21. Qf2 Rae8 22. h3 h5 23. Rg1 h4 24. Ne4 Bxe4 25. dxe4 Qc4+ 0-1

[Event "HUN-chT2 Erkel 1516"]
[Site "Hungary"]
[Date "2016.04.03"]
[Round "10.5"]
[White "Marta, Dominik"]
[Black "Torok, Tamas Titusz"]
[Result "0-1"]
[WhiteElo "1988"]
[BlackElo "2073"]
[PlyCount "112"]
[EventDate "2015.09.13"]
[EventType "team-tourn"]
[EventRounds "11"]
[EventCountry "HUN"]
[SourceTitle "EXT 2017"]
[Source "ChessBase"]
[SourceDate "2016.10.25"]
[SourceVersion "1"]
[SourceVersionDate "2016.10.25"]
[SourceQuality "1"]
[WhiteTeam "Budapest MTK II"]
[BlackTeam "Pestszentlorinc"]
[WhiteTeamCountry "HUN"]
[BlackTeamCountry "HUN"]

1. Nf3 Nc6 2. d4 d5 3. g3 Bg4 4. Bg2 Qd7 5. 0-0 Bh3 6. c4 Bxg2 7. Kxg2 e6 8. b3 Nf6 9. Nc3 Bb4 10. Bb2 Bxc3 11. Bxc3 Ne4 12. Bb2 0-0 13. Nd2 f5 14. f3 Nf6 15. e3 Rad8 16. Qe2 Rfe8 17. f4 a6 18. Rad1 Ne7 19. c5 h6 20. h4 Nc6 21. a3 Ra8 22. b4 Ne7 23. Nf3 Qa4 24. Ne5 Nc6 25. Kh3 a5 26. b5 Na7 27. b6 cxb6 28. g4 fxg4+ 29. Nxg4 Nxg4 30. Qxg4 Qc2 31. Rg1 Qf5 32. cxb6 Nc8 33. e4 Qxg4+ 34. Rxg4 Nxb6 35. Rdg1 Re7 36. f5 exf5 37. exf5 Re3+ 38. Kh2 Re2+ 39. Kh1 Rxb2 40. Rxg7+ Kf8 41. Rxb7 Rc8 42. f6 Rcc2 43. Re1 Nc4 44. Rd7 Rf2 45. Kg1 Rxf6 46. Rde7 Rf7 47. Re8+ Kg7 48. Kh1 Nd6 49. Rg1+ Kh7 50. Re5 Ne4 51. Rxd5 Nf2+ 52. Kh2 Ng4+ 53. Kh3 Ne3 54. Re5 Nf1 55. Rg2 Rb3+ 56. Kg4 Rg7+ 0-1

[Event "HUN-chT2 Charousek 1516"]
[Site "Hungary"]
[Date "2016.02.28"]
[Round "6.11"]
[White "Marta, Dominik"]
[Black "Fur, Katinka"]
[Result "1-0"]
[WhiteElo "2096"]
[BlackElo "1993"]
[PlyCount "119"]
[EventDate "2015.10.18"]
[EventType "team-tourn"]
[EventRounds "9"]
[EventCountry "HUN"]
[SourceTitle "EXT 2017"]
[Source "ChessBase"]
[SourceDate "2016.10.25"]
[SourceVersion "1"]
[SourceVersionDate "2016.10.25"]
[SourceQuality "1"]
[WhiteTeam "Budapest MTK"]
[BlackTeam "Balatonfuered"]
[WhiteTeamCountry "HUN"]
[BlackTeamCountry "HUN"]

1. Nf3 d5 2. d4 Nf6 3. g3 Bf5 4. Bg2 e6 5. 0-0 Bd6 6. c4 c6 7. Nc3 h6 8. Nd2 0-0 9. e4 dxe4 10. Ndxe4 Be7 11. Bf4 Nxe4 12. Bxe4 Bxe4 13. Nxe4 Nd7 14. Qc2 Nf6 15. Be5 Qb6 16. Bxf6 gxf6 17. Rad1 Rfd8 18. Nc3 Rxd4 19. Na4 Qd8 20. Rxd4 Qxd4 21. Rd1 Qe5 22. Rd7 Bf8 23. Rxb7 Qe1+ 24. Kg2 Rd8 25. Qc3 Qe4+ 26. Qf3 Qxc4 27. Qxf6 Qd5+ 28. f3 Rd7 29. Rb8 Qg5 30. Qxg5+ hxg5 31. Nc5 Rd5 32. Ne4 Kg7 33. Rc8 Ra5 34. a3 c5 35. Nxg5 Be7 36. Ne4 Rb5 37. Rc7 Rxb2+ 38. Kh3 Bf8 39. Nxc5 Bxc5 40. Rxc5 Rb3 41. Ra5 Rxf3 42. Rxa7 Kg6 43. a4 Ra3 44. a5 f6 45. a6 Kg5 46. Ra8 Kg6 47. a7 Kg7 48. Kg4 Ra4+ 49. Kf3 e5 50. h4 f5 51. h5 Ra3+ 52. Ke2 Ra2+ 53. Kd3 Ra4 54. h6+ Kh7 55. Kc3 e4 56. Kd2 Ra3 57. Ke2 Ra2+ 58. Ke3 Ra3+ 59. Kf4 e3 60. Kf3 1-0

[Event "HUN-chT2 Erkel 1516"]
[Site "Hungary"]
[Date "2016.02.14"]
[Round "7.5"]
[White "Mizsei, Janos"]
[Black "Marta, Dominik"]
[Result "0-1"]
[WhiteElo "2067"]
[BlackElo "1988"]
[PlyCount "106"]
[EventDate "2015.09.13"]
[EventType "team-tourn"]
[EventRounds "11"]
[EventCountry "HUN"]
[SourceTitle "EXT 2017"]
[Source "ChessBase"]
[SourceDate "2016.10.25"]
[SourceVersion "1"]
[SourceVersionDate "2016.10.25"]
[SourceQuality "1"]
[WhiteTeam "Jaszbereny"]
[BlackTeam "Budapest MTK II"]
[WhiteTeamCountry "HUN"]
[BlackTeamCountry "HUN"]

1. d4 Nf6 2. Nf3 g6 3. g3 Bg7 4. Bg2 0-0 5. 0-0 d6 6. c4 Nc6 7. Nc3 a6 8. Qd3 Bf5 9. e4 Nb4 10. Qe2 Bg4 11. d5 a5 12. Be3 e5 13. c5 Nd7 14. cxd6 cxd6 15. a3 Na6 16. Qb5 Ndc5 17. Nd2 Bd7 18. Qe2 f5 19. f3 a4 20. Rac1 Rb8 21. Nb5 Qb6 22. Nc3 Qxb2 23. Bg5 fxe4 24. Ncxe4 Bb5 25. Qf2 Bxf1 26. Rxf1 Nxe4 27. Nxe4 Qxf2+ 28. Rxf2 Rf7 29. Bh3 h6 30. Be3 Bf8 31. Be6 Nc7 32. Bxf7+ Kxf7 33. f4 Nxd5 34. fxe5+ Ke6 35. Ba7 Ra8 36. exd6 Bxd6 37. Nxd6 Kxd6 38. Bd4 b5 39. Rc2 Re8 40. Bc5+ Kd7 41. Rd2 Kc6 42. Rc2 Re4 43. Be3+ Rc4 44. Rxc4+ bxc4 45. Bxh6 c3 46. Kf1 Kc5 47. Ke2 Kc4 48. h4 Kb3 49. Kd3 Kb2 50. Kd4 Ne7 51. g4 c2 52. h5 gxh5 53. gxh5 Nf5+ 0-1